00471nam a2200193Ia 4500008004100000020001800041050001400059100002100073245003300094245002100127260001500148260001600163260000900179300001400188300002700202300001000229440003000239500000800269170918s9999 xx 000 0 und d a9780439472852 bB852 2004 aBridwell, Norman aClifford's first sleepover / cNorman Bridwell. aNew York : bScholastic, c2004 aunpaged : bcolored illustration ; c20cm. aClifford the big red dog. a450